000 00247nam a2200097Ia 4500
001 679844
005 20250826161330.0
008 250824s9999 xx 000 0 und d
245 0 _aHAYAT PASTANESİ
_cÇİĞDEM SEZER
260 _bGÜNIŞIĞI YAYINLARI
999 _c679844
_d679844